[Event "New Delhi Parsvnath op-C 17th"]
[Site "New Delhi"]
[Date "2019.01.14"]
[Round "5.7"]
[White "Suresh, Garg"]
[Black "Prem, Anantha Rajan V"]
[Result "1-0"]
[WhiteElo "1479"]
[BlackElo "1377"]
[PlyCount "66"]
[EventDate "2019.01.13"]
[EventType "swiss"]
[EventRounds "10"]
[EventCountry "IND"]
[SourceTitle "EXT 2024"]
[Source "ChessBase"]
[SourceDate "2023.10.10"]
[SourceVersion "1"]
[SourceVersionDate "2023.10.10"]
[SourceQuality "1"]

1. Nf3 Nf6 2. g3 d6 3. Bg2 c5 4. d3 Nc6 5. 0-0 g6 6. e4 h5 7. Re1 Bg4 8. h3 Bxf3 9. Bxf3 Bg7 10. c3 Qd7 11. Bg2 e5 12. Be3 Bh6 13. Bxh6 Rxh6 14. Qc1 Rh8 15. a4 h4 16. Qg5 Qe7 17. g4 Nd8 18. b4 Ne6 19. Qe3 cxb4 20. cxb4 Nd4 21. Na3 Kd7 22. Rac1 Nh7 23. Rc4 Qg5 24. f4 Qe7 25. Rec1 Rhc8 26. fxe5 dxe5 27. Rc5 Qg5 28. Qf2 f6 29. Rd5+ Ke7 30. Rcc5 b6 31. Rc4 Rxc4 32. Nxc4 Rc8 33. b5 Nf8 1-0